LEADER 01184nam a2200277 i 4500 001 000000038663 003 CaOOAMICUS 005 20240916162250.0 008 931231s1990 it u000 u ita u 020 $a88-7023-147-X 040 $aSeMil$bita 100 1 $aMigliarini, Margherita.$0(OLS)http://semarc/name/18578 245 10$aAlle origini del Duomo :$bla basilica e il culto di Santa Tecla /$cMargherita Migliarini. 264 1$aMilano :$bNED,$c1990. 300 $a103 p. ;$c24 cm 490 1 $aArchivio Ambrosiano ;$v64. 650 4$aMilano - Chiese - Santa Tecla.$0(OLS)http://semarc/subject/45041 650 4$aMilano - Duomo.$0(OLS)http://semarc/subject/2739 830 0$aArchivio Ambrosiano ;$v64.$0(OLS)http://semarc/title/254 850 $aSeMil 852 $aSeMil$W1$xVenegono$y1$m3TA A 64$j250821$B4818$CSeMilBibl$Z2$F4818 $81 961 $aAcquisto: Centro Vendite Curia 996 $6020$a88-7023-147-X$9(OLS)http://semarc/number/8020 996 $6245$aAlle origini del Duomo :$bla basilica e il culto di Santa Tecla$9(OLS)http://semarc/title/54673 996 $6264$aMilano :$bNED$9(OLS)http://semarc/publisher/30187 LEADER 01193nam a2200241 i 4500 001 000000202587 003 CaOOAMICUS 005 20110527000000.0 008 110527s1976 it u000 u ita u 013 $a181297 040 $aSeMil$bita 100 1 $aPoma, Antonio .$0(OLS)http://semarc/name/15861 245 10$aChiesa in cammino :$bConvegno "Evangelizzazione e promozione umana", 30 ottobre-4 novembre 1976 : Messaggio Introduzione Conclusione /$cCard. Antonio Poma. 260 $aMilano :$bO.R.,$cstampa 1976. 300 $a39 p. ;$c17 cm. 490 0 $aDocumenti del Magistero episcopale. Nuova serie ;$v3 650 4$aChiesa - Sec. 20.$0(OLS)http://semarc/subject/9194 830 0$aDocumenti del Magistero episcopale. Nuova serie ;$v3.$0(OLS)http://semarc/title/33696 850 $aSeMil 852 $aSeMil$W1$xVenegono$y1$m5D VIII 25/3$j153108$B153108$CSeMilBibl$Z2$F164095 $81 961 $aOmaggio: Altro 996 $6245$aChiesa in cammino :$bConvegno "Evangelizzazione e promozione umana", 30 ottobre-4 novembre 1976 : Messaggio Introduzione Conclusione$9(OLS)http://semarc/title/293249 996 $6260$aMilano :$bO.R.$9(OLS)http://semarc/publisher/29789